[Event "Ambalangoda Dhamso op 3rd"]
[Site "Ambalangoda"]
[Date "2013.02.23"]
[Round "6"]
[White "Jayarathne, GATG"]
[Black "Amarasinghe, AACB"]
[Result "1-0"]
[WhiteElo "1669"]
[BlackElo "1868"]
[PlyCount "105"]
[EventDate "2013.02.21"]
[EventType "swiss"]
[EventRounds "9"]
[EventCountry "SRI"]
[SourceTitle "CBM 153 Extra"]
[Source "ChessBase"]
[SourceDate "2013.04.22"]
[SourceVersion "1"]
[SourceVersionDate "2013.04.22"]
[SourceQuality "1"]

1. e4 e5 2. Nf3 Nc6 3. d4 exd4 4. Bc4 Nf6 5. Ng5 d5 6. exd5 Nxd5 7. Nxf7 Qe7+ 8. Qe2 Qxe2+ 9. Kxe2 Nb6 10. Bb3 d3+ 11. Kxd3 Bf5+ 12. Kd2 Nd4 13. Re1+ Be7 14. Nxh8 Nxb3+ 15. cxb3 Kf8 16. Ke2 Kg8 17. Nc3 Kxh8 18. Bf4 c6 19. Kf1 Bf6 20. Be5 Nd7 21. Bxf6 Nxf6 22. f3 h5 23. Rad1 b5 24. Re5 Bg6 25. b4 Bf7 26. Rd6 Be8 27. Re1 Kh7 28. a3 a6 29. Ne4 Nd5 30. Ng5+ Kg8 31. Ne6 Rc8 32. Rd8 Rxd8 33. Nxd8 Kf8 34. Ne6+ Kf7 35. Nc5 Nc7 36. Kf2 Kf8 37. Ne6+ Nxe6 38. Rxe6 Bd7 39. Rd6 Ke7 40. Rxd7+ Kxd7 41. Ke3 Ke6 42. Ke4 g6 43. f4 h4 44. g3 h3 45. g4 Kf6 46. f5 gxf5+ 47. gxf5 Kf7 48. Kf3 Kg7 49. Kg3 Kh6 50. Kg4 Kh7 51. Kxh3 Kg7 52. Kg4 Kf6 53. Kf4 1-0